Statistiques concernant Harry Potter commençant par G

Cliquez ici pour prendre le quiz!

Statistiques générales

  • Ce quiz a été pris 1 960 fois
  • Le résultat moyen est 7 sur 10

Statistiques - réponses

HintRéponse% Correct
Pièce d'orGallion
94%
Banque des sorciersGringotts
87%
Demi-frère de HagridGraup
82%
Beaucoup d'entre eux travaillent à la banque des sorciersGobelin
81%
Nom de famille de la mère de VoldemortGaunt
77%
On y mange à PoudlardGrande Salle
77%
Journal magiqueGazette du sorcier
62%
Maison où vont tous les WeasleyGryffondor
52%
Fabricant de baguettes bulgareGregorovitch
44%
On y trouve la voie 9 3/4Gare de King's Cross
41%

Distribution des résultats

Percentile par nombre de réponses

% des personnes avec chaque résultat

Votre développement - résultats

Vous n’avez pas pris ce quiz